Datum a čas kvízu
24
Celkem bodů
Celkový počet nahraných bodů na tomto kvízu bez doplňovacích otázek.
13.
Pořadí na kvízu
Konečné umístění týmu na tomto kvízu.
Zaznamenané odpovědi
| # | Otázka | Odpověď | Body | Výsledky |
|---|---|---|---|---|
| 1. | Rada České televize minulý týd... | Sama doma | 0 | |
| 2. | Minulý týden se stalo virálním... | v záchodové míse | 1 | |
| 3. | Po tříleté pauze se na obrazov... | Příběh služebnice | 0 | |
| 4. | V odborné anketě Světové auto... | Kia | 1 | |
| 5. | České hokejistky na domácím mi... | USA | 1 | |
| 6. | Togo a Tonga sice mají podobné... | A | 0 | |
| 7. | Dříve v Prusku, nyní v Rusku.... | Kaliningrad | 1 | |
| 8. | Který z těchto států má největ... | A | 0 | |
| 9. | Který jazyk je úředním na územ... | angličtina; španělština | 1 | |
| 10. | Ke kvízu patří i pivo, které s... | Turnov; Trutnov | 0.5 |